| 000 | 00791nam a22002777a 4500 | ||
|---|---|---|---|
| 001 | BR9405249 | ||
| 003 | BR-BrBNA | ||
| 005 | 20230928094306.0 | ||
| 007 | ta | ||
| 008 | 230509b bl.||||| |||| 00| 0 por d | ||
| 040 |
_aBR-BrBNA _bpor _cBiblioteca Nacional de Agricultura |
||
| 041 | _a(Por) | ||
| 072 |
_aD50; E13 _b0430 |
||
| 090 | _ 0430 BR9405249 | ||
| 110 | 1 |
_aComissao Especial do Algodao do Estado de Sao Paulo, Sao Paulo (Brasil) _92012 |
|
| 245 | 1 | _aRelatorio da Comissao Especial do Algodao, maio de 1950 a dezembro de 1953 | |
| 260 | 3 |
_aSao Paulo, SP (Brasil): _c1954. |
|
| 300 | _a236 p. | ||
| 500 | _a22 illus. | ||
| 650 | _aAlgodao | ||
| 650 | _aFinanciamento | ||
| 650 | _aPreco | ||
| 650 | _aLegislacao | ||
| 909 |
_a202309 _bLucia _c55 _dLucia Elande |
||
| 942 | _cBK | ||
| 999 |
_c49896 _d49896 |
||